Normal view
MARC view
- Cottington, Jack
Entry Personal Name
001 - CONTROL NUMBER
- control field: 42247
003 - CONTROL NUMBER IDENTIFIER
- control field: NUST
005 - DATE AND TIME OF LATEST TRANSACTION
- control field: 20210314132239.0
008 - FIXED-LENGTH DATA ELEMENTS
- fixed length control field: 210314|| aca||aabn | a|a d
040 ## - CATALOGING SOURCE
- Original cataloging agency: NUST
- Transcribing agency: NUST
100 ## - HEADING--PERSONAL NAME
- Personal name: Cottington, Jack
670 ## - SOURCE DATA FOUND
- Source citation: Work cat.: (NUST): Cottington, Jack., Site investigation and the law /, 1984.
